Réjimen colonial de España en América. Traducida del inglés por Domingo Amunátegui Solar

Saved in:
Bibliographic Details
Main Author: Bourne, Eduardo Gaylord (Author)
Format: Book
Language:Spanish
Published: Santiago Sociedad imprenta litografía Barcelona 1916
Edition:2a. ed
Subjects:
Tags: Add Tag
No Tags, Be the first to tag this record!

MARC

LEADER 00000nam a2200000 a 4500
001 UCJ5066
003 CL-VaPUC
008 070124e19160000CL |||||||||||||||||spa|d
082 0 4 |a 983  |b AMU  |2 21 
100 0 |a Bourne, Eduardo Gaylord  |e author  |9 509828 
245 1 0 |a Réjimen colonial de España en América. Traducida del inglés por Domingo Amunátegui Solar 
250 |a 2a. ed 
300 |a 117 p 
942 |c BK 
945 |d 20070124 00:00:00  |a rinostro 
260 |a Santiago  |b Sociedad imprenta litografía Barcelona  |c 1916 
500 |a Aunque el autor es Bourne y Amunátegui sólo el traductor, se ha ubicado entre las obras de este último por encontrarse así señalado en el lomo del libro 
600 0 7 |a AMUNATEGUI SOLAR, DOMINGO  |2 CL-VaPUC  |9 444723 
650 7 |a COLONIA  |2 CL-VaPUC  |9 509829 
650 0 |a Colonización española  |9 256592 
650 0 |a Gobierno colonial  |9 353437 
583 |a last modification  |c 20070124 00:00:00  |k Rodrigo Vera 
999 |c 321179  |d 321177 
952 |0 0  |1 0  |4 0  |6 983_000000000000000_AMU_1916  |7 0  |8 X  |9 399861  |a FDOBUD  |b FDOBUD  |d 2019-11-22  |i 1029576  |o 983 AMU 1916  |p 1029576  |r 2019-11-22  |w 2019-11-22  |y BK_X  |k BUD